Normal view MARC view
  • Rafia Akbar (105737)

Entry Personal Name

Number of records used in: 1

001 - CONTROL NUMBER

  • control field: 116437

003 - CONTROL NUMBER IDENTIFIER

  • control field: NUST

005 - DATE AND TIME OF LATEST TRANSACTION

  • control field: 20230912165945.0

008 - FIXED-LENGTH DATA ELEMENTS

  • fixed length control field: 230912|| aca||aabn | a|a d

040 ## - CATALOGING SOURCE

  • Original cataloging agency: NUST
  • Transcribing agency: NUST

100 ## - HEADING--PERSONAL NAME

  • Personal name: Rafia Akbar (105737)

670 ## - SOURCE DATA FOUND

  • Source citation: Work cat.: (NUST): Rafia Akbar (105737), Assessment of Carbon Neutrality and Sustainability in a University Campus through Evaluation of Energy Efficiency and Renewable Energy Potential of Academic Buildings /, 2019
© 2023 Central Library, National University of Sciences and Technology. All Rights Reserved.